000 00699nas a2200253 4500
001 BR9403643
003 BR-BrBNA
005 20231205093652.0
007 ta
008 230509b bl.|||p| |||| 00| 00por d
040 _aBR-BrBNA
_bpor
_cBiblioteca Nacional de Agricultura
041 _a(Pt)
072 _aF01; L02
100 1 _aStaviski, N.
245 1 _aPlantio de inverno; de olho na criacao
650 _aPratica Cultural
650 _aNutricao Animal
650 _aAveia
650 _aCenteio
650 _aTriticale
773 0 _tGlobo Rural (Brazil)
_xISSN 0102-6178
_g(Abr 1994), v. 9(102) p. 29-33
_wBR9403643
909 _a202311
_bLúcia
_c55
_dLúcia Elande
942 _2AGRIS
_n0
_cANA
999 _c139776
_d139776